4 Movies, 1 Thing in Common XIII Quiz Stats

 Plays Quiz Updated Aug 9, 2019

Score 0/17 Timer 05:00
7 Plays Today
% Correct
Accidents in space
91.6%
Movies about mother|daughter relationships
88.3%
The female lead is named Jennifer
87.1%
Scary movies where nobody dies
85.5%
Characters are stalked by animals
84.6%
Set in Chicago
83.2%
Set in the fashion industry
82.9%
2007 movies
80.4%
Submarine movies
80%
% Correct
A main character is a Journalist
76.8%
Cruise ships
74.3%
Reincarnation
67%
Movies with centenarian characters
59.3%
Angelina Jolie's first four movies
58.2%
Features a lighthouse scene
53.9%
Diamonds
53%
Movies with memorable waterfalls
50%

You're not logged in!

Compare scores with friends on all Sporcle quizzes.
OR
Log In

Sporcle TV

Today on Sporcle TV


Watch our educational content, quiz creation guides, and fun videos on Sporcle TV.

Show Comments

Extras

Top Quizzes Today


Score Distribution

Your Account Isn't Verified!

In order to create a playlist on Sporcle, you need to verify the email address you used during registration. Go to your Sporcle Settings to finish the process.

Report this User

Report this user for behavior that violates our Community Guidelines.

Details: